[Event "Hull CC XXVIII anniversaire B"]
[Site "Gatineau CAN"]
[Date "2007.09.18"]
[Round "2"]
[White "Duret, Serge"]
[Black "Sabourin, Yves"]
[Result "0-1"]
[WhiteElo "1086"]
[BlackElo "1343"]
[PlyCount "36"]
[GameId "2160767910579253"]
[EventDate "2007.09.11"]
[EventType "swiss"]
[EventRounds "5"]
[EventCountry "CAN"]
[SourceTitle "EXT 2022"]
[Source "ChessBase"]
[SourceDate "2021.10.06"]
[SourceVersion "1"]
[SourceVersionDate "2021.10.06"]
[SourceQuality "1"]

1. e4 e6 2. d4 d5 3. exd5 exd5 4. Nf3 Bg4 5. Be2 Nd7 6. Nc3 Ngf6 7. Bg5 Be7 8. O-O O-O 9. Bxf6 Nxf6 10. Ne5 Bxe2 11. Nxe2 Re8 12. Ng3 Bd6 13. Re1 c6 14. Qf3 Qc7 15. Nf5 Bxe5 16. dxe5 Rxe5 17. Qf4 Rxe1+ 18. Rxe1 Qxf4 0-1

[Event "Hull CC XXVIII anniversaire B"]
[Site "Gatineau CAN"]
[Date "2007.09.18"]
[Round "2"]
[White "Forget, David"]
[Black "Thibault, Mario"]
[Result "1-0"]
[WhiteElo "1876"]
[BlackElo "1678"]
[PlyCount "42"]
[GameId "2160767910579254"]
[EventDate "2007.09.11"]
[EventType "swiss"]
[EventRounds "5"]
[EventCountry "CAN"]
[SourceTitle "EXT 2022"]
[Source "ChessBase"]
[SourceDate "2021.10.06"]
[SourceVersion "1"]
[SourceVersionDate "2021.10.06"]
[SourceQuality "1"]

1. d4 Nf6 2. c4 e6 3. Nc3 b6 4. e4 Bb7 5. Bd3 Bb4 6. f3 c5 7. Nge2 cxd4 8. Nxd4 Nc6 9. Nde2 h6 10. O-O Bc5+ 11. Kh1 g5 12. a3 Nd4 13. Nxd4 Bxd4 14. Nb5 Be5 15. f4 Bb8 16. e5 gxf4 17. exf6 Rg8 18. Rf2 Qxf6 19. Be2 Qh4 20. Bf3 Qxf2 21. Qg1 Qe2 1-0

[Event "Hull CC XXVIII anniversaire B"]
[Site "Gatineau CAN"]
[Date "2007.09.18"]
[Round "2"]
[White "Lacourse, Guy"]
[Black "Villeneuve, Luc"]
[Result "1-0"]
[WhiteElo "1607"]
[BlackElo "1467"]
[PlyCount "93"]
[GameId "2160767910579255"]
[EventDate "2007.09.11"]
[EventType "swiss"]
[EventRounds "5"]
[EventCountry "CAN"]
[SourceTitle "EXT 2022"]
[Source "ChessBase"]
[SourceDate "2021.10.06"]
[SourceVersion "1"]
[SourceVersionDate "2021.10.06"]
[SourceQuality "1"]

1. d4 f5 2. e4 fxe4 3. Nc3 d5 4. Qh5+ g6 5. Qxd5 Qxd5 6. Nxd5 Kd8 7. Bf4 Nc6 8. Nxc7 Rb8 9. Bb5 Nf6 10. Bxc6 bxc6 11. Ne6+ Bxe6 12. Bxb8 a6 13. O-O-O Bh6+ 14. Kb1 Kd7 15. Bg3 Rd8 16. h3 Ke8 17. Ne2 e3 18. f3 Nd5 19. a3 Bf5 20. Be5 Rd7 21. g4 Be6 22. h4 Rb7 23. Rhg1 Kf7 24. Rdf1 Bg7 25. Bxg7 Kxg7 26. f4 Bf7 27. f5 a5 28. Kc1 a4 29. Rg3 Rd7 30. Nf4 Nxf4 31. Rxf4 e2 32. Re3 Bc4 33. fxg6 hxg6 34. g5 Rb7 35. Rfe4 Kf7 36. Rxe2 Bxe2 37. Rxe2 Rd7 38. c3 Rd5 39. Rf2+ Kg7 40. Kc2 Kg8 41. Rf4 Kg7 42. c4 Ra5 43. Re4 Kf7 44. b4 Rf5 45. Kd3 Rf3+ 46. Re3 Rf5 47. Ke4 1-0

[Event "Hull CC XXVIII anniversaire B"]
[Site "Gatineau CAN"]
[Date "2007.09.18"]
[Round "2"]
[White "Levesque, Andre"]
[Black "Pilon, Robert"]
[Result "1-0"]
[WhiteElo "1400"]
[BlackElo "1607"]
[PlyCount "55"]
[GameId "2160767910579256"]
[EventDate "2007.09.11"]
[EventType "swiss"]
[EventRounds "5"]
[EventCountry "CAN"]
[SourceTitle "EXT 2022"]
[Source "ChessBase"]
[SourceDate "2021.10.06"]
[SourceVersion "1"]
[SourceVersionDate "2021.10.06"]
[SourceQuality "1"]

1. e4 e6 2. d4 d5 3. Nc3 Bb4 4. e5 Bxc3+ 5. bxc3 c5 6. Nf3 c4 7. Be2 Bd7 8. O-O Ba4 9. Bf4 Ne7 10. Bg5 h6 11. Bc1 Nbc6 12. h3 Nf5 13. Bd2 O-O 14. Kh2 f6 15. g4 Nfe7 16. exf6 Rxf6 17. g5 Qd6+ 18. Kh1 Rf5 19. gxh6 gxh6 20. Bxh6 Rh5 21. Rg1+ Kh7 22. Ng5+ Rxg5 23. Bxg5 Nf5 24. Bh5 Nce7 25. Bf7 Ng7 26. Bf6 Nef5 27. Qg4 Bxc2 28. Qg6+ 1-0

[Event "Hull CC XXVIII anniversaire B"]
[Site "Gatineau CAN"]
[Date "2007.09.18"]
[Round "2"]
[White "Maisonneuve, Paul"]
[Black "Labelle, Raymond"]
[Result "0-1"]
[WhiteElo "1408"]
[BlackElo "1429"]
[PlyCount "42"]
[GameId "2160767910579257"]
[EventDate "2007.09.11"]
[EventType "swiss"]
[EventRounds "5"]
[EventCountry "CAN"]
[SourceTitle "EXT 2022"]
[Source "ChessBase"]
[SourceDate "2021.10.06"]
[SourceVersion "1"]
[SourceVersionDate "2021.10.06"]
[SourceQuality "1"]

1. d4 d5 2. Bf4 Nf6 3. e3 e6 4. Nf3 Nh5 5. Bg5 Be7 6. Bxe7 Qxe7 7. Bd3 Nc6 8. c3 e5 9. Bb5 e4 10. Ne5 Nf6 11. Nxc6 bxc6 12. Bxc6+ Bd7 13. Bxa8 O-O 14. Bxd5 Nxd5 15. Nd2 Qg5 16. Rg1 Nxe3 17. Nxe4 Nxg2+ 18. Kf1 Bb5+ 19. Qe2 Bxe2+ 20. Kxe2 Re8 21. f3 Qe3+ 0-1

[Event "Hull CC XXVIII anniversaire B"]
[Site "Gatineau CAN"]
[Date "2007.09.18"]
[Round "2"]
[White "Ralchenko, Maxim"]
[Black "Berthiaume, Serge"]
[Result "0-1"]
[WhiteElo "1582"]
[BlackElo "1373"]
[PlyCount "54"]
[GameId "2160767910579258"]
[EventDate "2007.09.11"]
[EventType "swiss"]
[EventRounds "5"]
[EventCountry "CAN"]
[SourceTitle "EXT 2022"]
[Source "ChessBase"]
[SourceDate "2021.10.06"]
[SourceVersion "1"]
[SourceVersionDate "2021.10.06"]
[SourceQuality "1"]

1. b4 e5 2. a3 d5 3. Bb2 Bd6 4. Nf3 f6 5. e3 Be6 6. Be2 Ne7 7. Qc1 c6 8. c4 Nd7 9. O-O Rc8 10. c5 Bc7 11. Nc3 e4 12. Nd4 Bf7 13. Bg4 f5 14. Bxf5 Nxf5 15. Nxf5 O-O 16. Ne2 Ne5 17. Nfd4 Qh4 18. Ng3 Bh5 19. Ne6 Nf3+ 20. gxf3 Bxf3 21. Qc3 Rf7 22. Ng5 Qxg5 23. Rfc1 Bxg3 24. fxg3 Re8 25. b5 Qf5 26. Rf1 h5 27. h4 Qh3 0-1

[Event "Hull CC XXVIII anniversaire B"]
[Site "Gatineau CAN"]
[Date "2007.09.18"]
[Round "2"]
[White "Sunatori, Evelyne"]
[Black "Lemieux, Richard"]
[Result "0-1"]
[WhiteElo "1106"]
[BlackElo "1544"]
[PlyCount "86"]
[GameId "2160767910579259"]
[EventDate "2007.09.11"]
[EventType "swiss"]
[EventRounds "5"]
[EventCountry "CAN"]
[SourceTitle "EXT 2022"]
[Source "ChessBase"]
[SourceDate "2021.10.06"]
[SourceVersion "1"]
[SourceVersionDate "2021.10.06"]
[SourceQuality "1"]

1. e4 e5 2. Nf3 Nf6 3. Nc3 d5 4. exd5 Nxd5 5. Nxe5 Nxc3 6. bxc3 Bd6 7. Nf3 O-O 8. d4 Re8+ 9. Be2 Qe7 10. Be3 Bg4 11. O-O Nd7 12. Qd3 Nf6 13. h3 Bh5 14. g3 Bg6 15. Qd2 Ne4 16. Qe1 Nxg3 17. fxg3 Qxe3+ 18. Qf2 Qxe2 19. Qxe2 Rxe2 20. Rfe1 Rae8 21. Ne5 Rxe1+ 22. Rxe1 Bxe5 23. dxe5 f6 24. c4 Bxc2 25. Re2 Bd3 26. Rb2 b6 27. c5 Rxe5 28. cxb6 cxb6 29. a4 Rc5 30. Rd2 Rc1+ 31. Kf2 Rc2 32. Ke3 Rxd2 33. Kxd2 Bc4 34. Kc3 b5 35. axb5 Bxb5 36. Kb4 a6 37. g4 Kf7 38. Kc5 Ke6 39. Kd4 f5 40. gxf5+ Kxf5 41. Kd5 g5 42. Kd4 h5 43. Ke3 a5 0-1

[Event "Hull CC XXVIII anniversaire B"]
[Site "Gatineau CAN"]
[Date "2007.09.25"]
[Round "3"]
[White "Berthiaume, Patrick"]
[Black "Maisonneuve, Paul"]
[Result "0-1"]
[WhiteElo "1037"]
[BlackElo "1468"]
[PlyCount "72"]
[GameId "2160767910579260"]
[EventDate "2007.09.11"]
[EventType "swiss"]
[EventRounds "5"]
[EventCountry "CAN"]
[SourceTitle "EXT 2022"]
[Source "ChessBase"]
[SourceDate "2021.10.06"]
[SourceVersion "1"]
[SourceVersionDate "2021.10.06"]
[SourceQuality "1"]

1. e4 d6 2. d4 Nf6 3. Nc3 g6 4. Bd3 Bg7 5. Nf3 O-O 6. h3 c5 7. dxc5 dxc5 8. O-O Nc6 9. Be3 b6 10. Bb5 Bb7 11. Qxd8 Rfxd8 12. Rfd1 Nb4 13. Ba4 Nxe4 14. Nxe4 Bxe4 15. Rxd8+ Rxd8 16. c3 Nc2 17. Bxc2 Bxc2 18. Rc1 Be4 19. Nd2 Bf5 20. Nc4 h5 21. f3 e5 22. g4 hxg4 23. hxg4 Be6 24. Na3 Bxa2 25. Kh2 Rd3 26. Re1 Bd5 27. Kg3 f5 28. gxf5 gxf5 29. Nb5 f4+ 30. Kg4 Rxe3 31. Rxe3 fxe3 32. Kg3 a6 33. Nc7 Bc4 34. Kg2 Bf6 35. Ne8 Bh4 36. Nc7 e2 0-1

[Event "Hull CC XXVIII anniversaire B"]
[Site "Gatineau CAN"]
[Date "2007.09.25"]
[Round "3"]
[White "Berthiaume, Serge"]
[Black "Lacourse, Guy"]
[Result "0-1"]
[WhiteElo "1373"]
[BlackElo "1607"]
[PlyCount "140"]
[GameId "2160767910579261"]
[EventDate "2007.09.11"]
[EventType "swiss"]
[EventRounds "5"]
[EventCountry "CAN"]
[SourceTitle "EXT 2022"]
[Source "ChessBase"]
[SourceDate "2021.10.06"]
[SourceVersion "1"]
[SourceVersionDate "2021.10.06"]
[SourceQuality "1"]

1. d4 Nf6 2. c4 e6 3. Nc3 Bb4 4. Nf3 b6 5. Bf4 Ne4 6. Qc2 Bb7 7. e3 d6 8. Bd3 Bxc3+ 9. bxc3 f5 10. O-O g5 11. Bg3 Qf6 12. Nd2 Nxd2 13. Qxd2 e5 14. f3 Nd7 15. Rae1 O-O-O 16. Bc2 h5 17. Ba4 Nf8 18. d5 Kb8 19. Qc2 Bc8 20. Bc6 Ng6 21. Rb1 f4 22. exf4 gxf4 23. Bf2 Qe7 24. Qa4 Bb7 25. Rfe1 Rhg8 26. Rb2 Qg7 27. Ree2 Ne7 28. Bh4 Rdf8 29. Bxe7 Qxe7 30. Rb3 Bxc6 31. dxc6 Qe8 32. Ra3 Kc8 33. Qa6+ Kd8 34. Qb7 Ke7 35. Qxc7+ Ke6 36. Rd2 Qd8 37. Qxa7 Rf7 38. Qa4 Qc7 39. Qb5 Rc8 40. Rb3 Qxc6 41. Qxb6 Qc5+ 42. Qxc5 Rxc5 43. Rb4 Rfc7 44. Kf2 Rxc4 45. Rxc4 Rxc4 46. Rc2 d5 47. Ke2 Kd6 48. Kd2 Kc5 49. Rb2 Ra4 50. Kd3 e4+ 51. fxe4 dxe4+ 52. Ke2 Kc4 53. Rc2 h4 54. h3 Ra7 55. Kd2 Ra3 56. Ke2 Rxc3 57. Rxc3+ Kxc3 58. a4 Kb4 59. a5 Kxa5 60. Kd2 Kb4 61. Ke2 Kc4 62. Kd2 Kd4 63. Ke2 e3 64. Kd1 Kd3 65. Ke1 Kd4 66. Ke2 Ke4 67. Ke1 Kd3 68. Kd1 e2+ 69. Ke1 Ke3 70. g3 f3 0-1

[Event "Hull CC XXVIII anniversaire B"]
[Site "Gatineau CAN"]
[Date "2007.09.25"]
[Round "3"]
[White "Carrier, Simon"]
[Black "Dupont, Claude"]
[Result "0-1"]
[WhiteElo "1075"]
[BlackElo "1482"]
[PlyCount "114"]
[GameId "2160767910579262"]
[EventDate "2007.09.11"]
[EventType "swiss"]
[EventRounds "5"]
[EventCountry "CAN"]
[SourceTitle "EXT 2022"]
[Source "ChessBase"]
[SourceDate "2021.10.06"]
[SourceVersion "1"]
[SourceVersionDate "2021.10.06"]
[SourceQuality "1"]

1. e4 c5 2. c4 d6 3. g3 e5 4. Bg2 Nf6 5. Nc3 Nc6 6. Nf3 Be7 7. a3 a6 8. O-O Be6 9. Qa4 O-O 10. d3 Bd7 11. b4 Nd4 12. Qd1 Nxf3+ 13. Bxf3 cxb4 14. axb4 Qb6 15. Bd2 Qc7 16. Be3 b5 17. Qc2 bxc4 18. d4 Rab8 19. dxe5 dxe5 20. Rfb1 Rxb4 21. Bg5 Rxb1+ 22. Qxb1 Rb8 23. Qc2 Bb5 24. Be2 h6 25. Bxf6 Bxf6 26. Nd5 Qc6 27. Rb1 Rc8 28. f4 exf4 29. Kg2 fxg3 30. Bf3 gxh2 31. e5 Qe6 32. exf6 gxf6 33. Kxh2 Qe5+ 34. Kh3 Bd7+ 35. Kg2 Qg5+ 36. Kf1 Kg7 37. Qh2 Bc6 38. Ne7 Bxf3 39. Nxc8 Qf5 40. Qg3+ Bg4+ 41. Kg2 Qc2+ 42. Qf2 Qxb1 43. Nd6 c3 44. Ne8+ Kf8 45. Nxf6 Qg6 46. Qc5+ Kg7 47. Ne8+ Kh7 48. Nd6 Bd1+ 49. Kf2 c2 50. Qc7 c1=Q 51. Qxf7+ Qxf7+ 52. Nxf7 Qc5+ 53. Kg3 Bb3 54. Ng5+ hxg5 55. Kg4 Kg6 56. Kg3 Qc3+ 57. Kg4 Be6# 0-1

[Event "Hull CC XXVIII anniversaire B"]
[Site "Gatineau CAN"]
[Date "2007.09.25"]
[Round "3"]
[White "Dallaire, Dominic"]
[Black "Blouin, Francois"]
[Result "1/2-1/2"]
[WhiteElo "1860"]
[BlackElo "1532"]
[PlyCount "120"]
[GameId "2160767910579263"]
[EventDate "2007.09.11"]
[EventType "swiss"]
[EventRounds "5"]
[EventCountry "CAN"]
[SourceTitle "EXT 2022"]
[Source "ChessBase"]
[SourceDate "2021.10.06"]
[SourceVersion "1"]
[SourceVersionDate "2021.10.06"]
[SourceQuality "1"]

1. e4 e6 2. d4 d5 3. e5 c5 4. c3 Nc6 5. Nf3 Qb6 6. Bd3 Bd7 7. Bc2 Nge7 8. O-O Nf5 9. Bxf5 exf5 10. dxc5 Qxc5 11. b4 Qb5 12. Na3 Qb6 13. Qxd5 Be6 14. Qd1 Rd8 15. Qe2 Be7 16. Be3 Qc7 17. Nb5 Qb8 18. Bf4 O-O 19. Rad1 a6 20. Nbd4 Nxd4 21. Nxd4 Qc8 22. Nxe6 fxe6 23. Qb2 b5 24. Be3 Qc6 25. Qb3 Rc8 26. Rd3 f4 27. Bd4 g5 28. Rfd1 Rcd8 29. Ba7 Rxd3 30. Rxd3 Rd8 31. Rxd8+ Bxd8 32. Bc5 Kf7 33. Qc2 Kg7 34. Qd3 Qd5 35. Qxd5 exd5 36. Bd6 Kf7 37. Kf1 a5 38. Ke2 axb4 39. cxb4 Bb6 40. Kd3 Bxf2 41. Bc5 Be1 42. a4 bxa4 43. b5 Ba5 44. Kc2 Ke6 45. Bd6 g4 46. Kd3 a3 47. Bxa3 Kxe5 48. Bc5 Bc7 49. b6 Bb8 50. b7 h5 51. g3 f3 52. Be3 Ke6 53. Bf4 Ba7 54. b8=Q Bxb8 55. Bxb8 Kd7 56. Ba7 Kc6 57. Bd4 Kb5 58. Ke3 Kc4 59. Ba7 Kc3 60. Bd4+ Kc4 1/2-1/2

[Event "Hull CC XXVIII anniversaire B"]
[Site "Gatineau CAN"]
[Date "2007.09.25"]
[Round "3"]
[White "Guimond, Michel"]
[Black "Levesque, Andre"]
[Result "1-0"]
[WhiteElo "1816"]
[BlackElo "1400"]
[PlyCount "55"]
[GameId "2160767910579264"]
[EventDate "2007.09.11"]
[EventType "swiss"]
[EventRounds "5"]
[EventCountry "CAN"]
[SourceTitle "EXT 2022"]
[Source "ChessBase"]
[SourceDate "2021.10.06"]
[SourceVersion "1"]
[SourceVersionDate "2021.10.06"]
[SourceQuality "1"]

1. e4 c5 2. Nf3 Nc6 3. d4 cxd4 4. Nxd4 g6 5. Be3 Bg7 6. Qd2 Nf6 7. f3 O-O 8. Nc3 d6 9. Bc4 Bd7 10. O-O-O a6 11. Bb3 Rc8 12. g4 Na5 13. Bh6 Nxb3+ 14. Nxb3 Qc7 15. h4 b5 16. Bxg7 Kxg7 17. h5 b4 18. Nd5 Nxd5 19. exd5 Rh8 20. Qd4+ f6 21. Qe4 Ba4 22. Nd4 Bd7 23. Qxe7+ Kg8 24. hxg6 hxg6 25. Rxh8+ Kxh8 26. Rh1+ Kg8 27. Qh7+ Kf8 28. Qh8+ 1-0

[Event "Hull CC XXVIII anniversaire B"]
[Site "Gatineau CAN"]
[Date "2007.09.25"]
[Round "3"]
[White "Kennedy, Phillip"]
[Black "Ralchenko, Maxim"]
[Result "1/2-1/2"]
[WhiteElo "1469"]
[BlackElo "1582"]
[PlyCount "54"]
[GameId "2160767910579265"]
[EventDate "2007.09.11"]
[EventType "swiss"]
[EventRounds "5"]
[EventCountry "CAN"]

1. Nf3 f5 2. g3 e6 3. Bg2 Nf6 4. c4 Be7 5. O-O d6 6. Nc3 e5 7. d4 e4 8. Ng5 h6 9. Nh3 g5 10. f3 d5 11. cxd5 Nxd5 12. fxe4 Nxc3 13. bxc3 fxe4 14. Bxe4 Bxh3 15. Bg6+ Kd7 16. Qd3 Kc8 17. Rf2 Rf8 18. Be3 Rxf2 19. Kxf2 Bd7 20. Rb1 a6 21. Be4 Nc6 22. c4 Bf6 23. d5 Ne5 24. Qb3 b5 25. d6 c6 26. cxb5 Rb8 27. b6 Rb7 1/2-1/2

[Event "Hull CC XXVIII anniversaire B"]
[Site "Gatineau CAN"]
[Date "2007.09.25"]
[Round "3"]
[White "Laferriere, Bruno"]
[Black "Forget, David"]
[Result "0-1"]
[WhiteElo "1834"]
[BlackElo "1876"]
[PlyCount "92"]
[GameId "2160767910579266"]
[EventDate "2007.09.11"]
[EventType "swiss"]
[EventRounds "5"]
[EventCountry "CAN"]
[SourceTitle "EXT 2022"]
[Source "ChessBase"]
[SourceDate "2021.10.06"]
[SourceVersion "1"]
[SourceVersionDate "2021.10.06"]
[SourceQuality "1"]

1. e4 e6 2. d4 d5 3. Nd2 c5 4. c3 cxd4 5. cxd4 dxe4 6. Nxe4 Bb4+ 7. Nc3 Ne7 8. Nf3 O-O 9. Bd3 Bd7 10. Bxh7+ Kxh7 11. Ng5+ Kg6 12. h4 Nf5 13. h5+ Kf6 14. g4 Nh6 15. Nh7+ Ke7 16. Nxf8 Qxf8 17. Bxh6 gxh6 18. g5 Bc6 19. Rg1 Qg7 20. Qg4 hxg5 21. Qxg5+ Qxg5 22. Rxg5 Nd7 23. O-O-O Bxc3 24. bxc3 Rh8 25. Rd3 Bd5 26. Rh3 Bxa2 27. Ra5 Bc4 28. Rxa7 Ba6 29. h6 Nf6 30. c4 Kd7 31. Rf3 Rxh6 32. Ra3 Rh1+ 33. Kb2 Kd6 34. Ra8 Ne4 35. c5+ Kc7 36. Rf8 f5 37. Rf7+ Kc6 38. Re7 Bc4 39. Ra7 Bd3 40. Ra1 Rxa1 41. Kxa1 Bc4 42. f4 Nc3 43. Re8 Bd5 44. Kb2 Ne2 45. Kc2 Nxd4+ 46. Kd3 Kxc5 0-1

[Event "Hull CC XXVIII anniversaire B"]
[Site "Gatineau CAN"]
[Date "2007.09.25"]
[Round "3"]
[White "Pilon, Robert"]
[Black "Arsenault, Yves"]
[Result "0-1"]
[WhiteElo "1607"]
[BlackElo "1411"]
[PlyCount "46"]
[GameId "2160767910579268"]
[EventDate "2007.09.11"]
[EventType "swiss"]
[EventRounds "5"]
[EventCountry "CAN"]
[SourceTitle "EXT 2022"]
[Source "ChessBase"]
[SourceDate "2021.10.06"]
[SourceVersion "1"]
[SourceVersionDate "2021.10.06"]
[SourceQuality "1"]

1. e4 c5 2. c3 Nc6 3. d4 cxd4 4. cxd4 Nf6 5. e5 Nd5 6. Nc3 Nxc3 7. bxc3 e6 8. Nf3 d6 9. Bb5 a6 10. Bxc6+ bxc6 11. O-O Be7 12. Qa4 Bd7 13. Rb1 c5 14. Qc2 cxd4 15. cxd4 Rc8 16. Qb3 O-O 17. a4 d5 18. Ba3 Rc4 19. Bxe7 Qxe7 20. Qb7 Qd8 21. Rb6 Rxa4 22. Rd6 Bc8 23. Qxf7+ Kxf7 0-1

[Event "Hull CC XXVIII anniversaire B"]
[Site "Gatineau CAN"]
[Date "2007.09.25"]
[Round "3"]
[White "Rainey, Ivan"]
[Black "Duret, Serge"]
[Result "1-0"]
[WhiteElo "1251"]
[BlackElo "1086"]
[PlyCount "61"]
[GameId "2160767910579269"]
[EventDate "2007.09.11"]
[EventType "swiss"]
[EventRounds "5"]
[EventCountry "CAN"]
[SourceTitle "EXT 2022"]
[Source "ChessBase"]
[SourceDate "2021.10.06"]
[SourceVersion "1"]
[SourceVersionDate "2021.10.06"]
[SourceQuality "1"]

1. e4 c5 2. Nf3 Nc6 3. d4 d6 4. dxc5 dxc5 5. Qxd8+ Nxd8 6. Be3 b6 7. Bb5+ Bd7 8. Bxd7+ Kxd7 9. O-O Nb7 10. Rd1+ Ke8 11. Nc3 e6 12. Nb5 Rc8 13. Nxa7 Rd8 14. Rxd8+ Nxd8 15. c4 Bd6 16. Nb5 Bb8 17. a3 f6 18. b4 Ne7 19. bxc5 bxc5 20. Bxc5 Kf7 21. a4 Nb7 22. Be3 Nc6 23. Bb6 Be5 24. Nxe5+ Nxe5 25. c5 Nc4 26. c6 Nxb6 27. cxb7 Nc4 28. a5 Rb8 29. a6 Nb6 30. a7 Rxb7 31. Nd6+ 1-0

[Event "Hull CC XXVIII anniversaire B"]
[Site "Gatineau CAN"]
[Date "2007.09.25"]
[Round "3"]
[White "Sabourin, Yves"]
[Black "Labelle, Raymond"]
[Result "0-1"]
[WhiteElo "1432"]
[BlackElo "1429"]
[PlyCount "100"]
[GameId "2160767910579270"]
[EventDate "2007.09.11"]
[EventType "swiss"]
[EventRounds "5"]
[EventCountry "CAN"]
[SourceTitle "EXT 2022"]
[Source "ChessBase"]
[SourceDate "2021.10.06"]
[SourceVersion "1"]
[SourceVersionDate "2021.10.06"]
[SourceQuality "1"]

1. d4 d5 2. c4 c5 3. cxd5 Qxd5 4. Nc3 Qxd4 5. Qxd4 cxd4 6. Nd5 Kd7 7. Bf4 Na6 8. e4 e6 9. Bxa6 exd5 10. Bb5+ Kd8 11. O-O-O Bc5 12. Be5 Nf6 13. Bxd4 Bxd4 14. Rxd4 Nxe4 15. Nf3 Be6 16. Rf1 Rc8+ 17. Kb1 Ke7 18. Bd3 Nd6 19. Re1 h6 20. Rxd5 Rhd8 21. Rde5 Kf8 22. a3 Nc4 23. Bxc4 Rxc4 24. Rc1 Rxc1+ 25. Kxc1 Bb3 26. Re1 Rc8+ 27. Kb1 Rc2 28. Nd4 Rxf2 29. Nxb3 Rxg2 30. Nc5 Rxh2 31. Nxb7 f5 32. Nc5 Kf7 33. Nd3 Rd2 34. Ne5+ Kf6 35. Kc1 Rd4 36. Nf3 Rf4 37. Kd2 Rxf3 38. Rc1 Rf2+ 39. Kc3 Re2 40. b4 f4 41. Rd1 f3 42. Rd3 f2 43. Rf3+ Ke5 44. Kd3 Ra2 45. Kc4 Ke4 46. Rf7 Ke3 47. Re7+ Kf3 48. Rf7+ Ke2 49. Re7+ Kf1 50. Rxg7 Re2 0-1

[Event "Hull CC XXVIII anniversaire B"]
[Site "Gatineau CAN"]
[Date "2007.09.25"]
[Round "3"]
[White "Thibault, Mario"]
[Black "Sunatori, Evelyne"]
[Result "1-0"]
[WhiteElo "1678"]
[BlackElo "1106"]
[PlyCount "97"]
[GameId "2160767910579271"]
[EventDate "2007.09.11"]
[EventType "swiss"]
[EventRounds "5"]
[EventCountry "CAN"]
[SourceTitle "EXT 2022"]
[Source "ChessBase"]
[SourceDate "2021.10.06"]
[SourceVersion "1"]
[SourceVersionDate "2021.10.06"]
[SourceQuality "1"]

1. Nf3 Nc6 2. d4 d5 3. e3 a6 4. c4 Nf6 5. Nc3 e6 6. Bd3 Bb4 7. O-O Bxc3 8. bxc3 O-O 9. Ba3 Re8 10. Qc2 g6 11. Nd2 e5 12. cxd5 Nxd5 13. Rab1 exd4 14. cxd4 Nce7 15. Rfc1 b5 16. Bc5 Bf5 17. e4 Bxe4 18. Nxe4 Kg7 19. g3 Nf6 20. Nxf6 Kxf6 21. d5 Kg7 22. Bd4+ f6 23. Be4 Rc8 24. Qb2 Rf8 25. Bc5 Rf7 26. Qd4 Qd7 27. Bxe7 Rxe7 28. Rc6 Rf7 29. Rbc1 a5 30. d6 Qd8 31. Qc5 Qd7 32. Bd5 Rff8 33. Rxc7 Rxc7 34. Qxc7 Qxc7 35. dxc7 b4 36. c8=Q Rxc8 37. Rxc8 a4 38. Ra8 b3 39. a3 b2 40. Ba2 h5 41. Rxa4 g5 42. Rb4 Kg6 43. a4 g4 44. a5 Kg5 45. a6 f5 46. a7 h4 47. gxh4+ Kxh4 48. a8=Q Kh3 49. Qh8# 1-0

[Event "Hull CC XXVIII anniversaire B"]
[Site "Gatineau CAN"]
[Date "2007.10.30"]
[Round "3"]
[White "Maisonneuve, Paul"]
[Black "Dallaire, Dominic"]
[Result "0-1"]
[WhiteElo "1500"]
[BlackElo "1850"]
[PlyCount "107"]
[GameId "2160767910579272"]
[EventDate "2007.09.11"]
[EventType "swiss"]
[EventRounds "5"]
[EventCountry "CAN"]

1. d4 Nf6 2. Nf3 g6 3. Bf4 Bg7 4. e3 d6 5. h3 Nh5 6. Bh2 c5 7. c3 cxd4 8. exd4 O-O 9. Be2 Bd7 10. O-O b5 11. Qb3 Qb6 12. Re1 a6 13. Nbd2 Nc6 14. Nc4 Qa7 15. Ne3 Nf6 16. Bf1 Rfc8 17. Ng5 Rf8 18. Qd1 h6 19. Nf3 Rfc8 20. Nc2 Kf8 21. Nd2 Rc7 22. Ne4 Nxe4 23. Rxe4 Bf5 24. Re1 Bxc2 25. Qxc2 Nxd4 26. Qe4 Ne6 27. Qf3 Ng5 28. Qd5 Rc5 29. Qd2 Rac8 30. Rad1 Ne6 31. Bd3 Qd7 32. Qe3 Nc7 33. Qf3 Kg8 34. Qb7 e5 35. Bc2 Rd8 36. Qf3 b4 37. Bb3 bxc3 38. bxc3 Qe7 39. Qd3 Kh7 40. f4 f6 41. h4 Nb5 42. h5 f5 43. hxg6+ Kxg6 44. fxe5 Rxc3 45. exd6 Qxe1+ 46. Rxe1 Rxd3 47. Re6+ Kg5 48. Bc2 Rd2 49. Bb3 Nxd6 50. Re7 Bf6 51. Ra7 Ne4 52. Kf1 Rf2+ 53. Ke1 Rxg2 54. Bc7 0-1

[Event "Hull CC XXVIII anniversaire B"]
[Site "Gatineau CAN"]
[Date "2007.10.02"]
[Round "4"]
[White "Baril Boudreau, Felix"]
[Black "Rainey, Ivan"]
[Result "1-0"]
[WhiteElo "1501"]
[BlackElo "1251"]
[PlyCount "73"]
[GameId "2160767910579273"]
[EventDate "2007.09.11"]
[EventType "swiss"]
[EventRounds "5"]
[EventCountry "CAN"]
[SourceTitle "EXT 2022"]
[Source "ChessBase"]
[SourceDate "2021.10.06"]
[SourceVersion "1"]
[SourceVersionDate "2021.10.06"]
[SourceQuality "1"]

1. e4 c6 2. d4 d5 3. exd5 cxd5 4. c4 e6 5. Nf3 Nc6 6. Nc3 Bd6 7. Bd3 Nge7 8. O-O b6 9. Re1 O-O 10. Bg5 f6 11. Bh4 Qc7 12. Nb5 Qd7 13. Nxd6 Qxd6 14. Bg3 Qd7 15. Rc1 dxc4 16. Bxc4 Nd5 17. Qc2 Re8 18. Bxd5 Qxd5 19. Qxc6 Qxc6 20. Rxc6 Bd7 21. Rc7 Bb5 22. Rec1 Ba6 23. a4 Rac8 24. Rxc8 Rxc8 25. Rxc8+ Bxc8 26. Bb8 a6 27. Bc7 b5 28. axb5 axb5 29. Kf1 Kf7 30. Bd6 Ke8 31. Ke2 Kd7 32. Bf8 g6 33. Kd2 Kc6 34. Kc3 Kd5 35. Kb4 Bd7 36. Bg7 f5 37. Ne5 1-0

[Event "Hull CC XXVIII anniversaire B"]
[Site "Gatineau CAN"]
[Date "2007.10.02"]
[Round "4"]
[White "Berthiaume, Serge"]
[Black "Arsenault, Yves"]
[Result "0-1"]
[WhiteElo "1373"]
[BlackElo "1411"]
[PlyCount "66"]
[GameId "2160767910579274"]
[EventDate "2007.09.11"]
[EventType "swiss"]
[EventRounds "5"]
[EventCountry "CAN"]
[SourceTitle "EXT 2022"]
[Source "ChessBase"]
[SourceDate "2021.10.06"]
[SourceVersion "1"]
[SourceVersionDate "2021.10.06"]
[SourceQuality "1"]

1. d4 Nf6 2. c4 e6 3. Nc3 Bb4 4. Nf3 b6 5. Bf4 Bb7 6. e3 Ne4 7. Qc2 Nxc3 8. bxc3 Ba5 9. Be2 O-O 10. O-O Nc6 11. Ng5 f5 12. Bd3 h6 13. Nh3 Ne7 14. f3 d5 15. Be5 Ng6 16. cxd5 Nxe5 17. dxe6 Nxd3 18. Qxd3 Bd5 19. Nf4 Qd6 20. Ng6 Rf6 21. Ne5 Bxe6 22. Rf2 c6 23. c4 Rb8 24. Rb1 c5 25. f4 cxd4 26. exd4 Bc8 27. Rc1 Bb4 28. Rfc2 Ba6 29. Qb3 Qxd4+ 30. Kh1 Bf8 31. c5+ Kh7 32. h3 Bxc5 33. Qa4 Qxa4 0-1